000 00592nam a2200241Ia 4500
003 OSt
005 20220918174254.0
006 a|||||r|||| 00| 0
007 ta
008 220917b |||||||| |||| 00| 0 eng d
024 _a11,346
037 _cTextual
040 _aARTS
_cARTS
_beng
041 _2eng
_aeng
082 _a/\1xM72z, G6
100 _aAurobindo
_925303
245 0 _aBases of yoga
260 _aCalcutta
_bArya
_c1936
300 _a251p.
_ccm.
650 _aSPIRITUALISM
942 _h/\1xM72z, G6
_cTEXL
_2CC
999 _c152458
_d152458